Normal view
MARC view
Entry Personal Name
001 - CONTROL NUMBER
- control field: 16129
003 - CONTROL NUMBER IDENTIFIER
- control field: ARRUPE
005 - DATE AND TIME OF LATEST TRANSACTION
- control field: 20150310164722.0
008 - FIXED-LENGTH DATA ELEMENTS
- fixed length control field: 150310|| aca||aabn | a|a d
040 ## - CATALOGING SOURCE
- Original cataloging agency: ARRUPE
- Transcribing agency: ARRUPE
100 ## - HEADING--PERSONAL NAME
- Personal name: Juan Arbó, Sebastià,
- Dates associated with a name: 1902-1984.
670 ## - SOURCE DATA FOUND
- Source citation: Work cat.: (ARRUPE)0: Juan Arbó, Sebastià, 1902-1984., Cervantes /, 1955.